000 00856cam a2200265u 4500
001 21954
003 BD-RjUL
005 20211209000741.0
008 140306r19531929enk 000 0 eng
035 _a(BD-RjUL)22019
040 _aDLC
_cCarP
_dDLC
_dBD-RjUL
_beng
041 1 _aenggrc
_hgrc
082 _a848.407
_bTHC 1953
100 1 _aTheophrastus.
_945437
245 0 4 _aThe characters of theophrastus /
_cnewly edited and translated by J. M. Edmonds.
260 _aLondon :
_bWilliam Heinemann,
_c[Reprinted 1953].
300 _avii, 363 p. ;
_c17 cm.
504 _aIncludes bibliographical references and index.
650 0 _aCharacter sketches
_vEarly works to 1800.
_967791
700 1 _aEdmonds, J. M.
_966703
942 _2ddc
_cBK
999 _c21954
_d21954